| 000 | 00720nam a2200241 a 4500 | ||
|---|---|---|---|
| 001 | BRCA_5536 | ||
| 005 | 20190320205124.0 | ||
| 008 | 280311s1922----mx-a######---#000-0#spa-# | ||
| 041 | _aspa | ||
| 044 | _amx | ||
| 050 | 4 |
_aN6553 _b.R65 1922 |
|
| 100 | 1 |
_aRomero de Terreros, Manuel _cMarqués de San Francisco _d1880-1968 _914128 |
|
| 245 | 1 | 0 |
_aHistoria sintética del arte colonial de México _b(1521-1821) _cManuel Romero de Terreros. |
| 250 | _a2 | ||
| 260 |
_aMéxico _bPorrúa _c1922 |
||
| 300 |
_a89 p. _bil., 24 láminas _c16 cm. |
||
| 500 | _aEstado físico: libro deshojado | ||
| 500 | _aF10 | ||
| 650 | 1 | 4 |
_aArte _xHistoria _zMéxico _9898 |
| 650 | 1 | 4 |
_aArte colonial _97904 |
| 902 | _aGFM | ||
| 942 |
_2lcc _cB |
||
| 999 |
_c5230 _d5230 |
||